Văn học so sánh Lý luận và ứng dụng

Zapisane w:
Opis bibliograficzny
1. autor: Viện Văn học
Format: Książka
Język:Undetermined
Wydane: Hà Nội KHXH 2001
Hasła przedmiotowe:
Etykiety: Dodaj etykietę
Nie ma etykietki, Dołącz pierwszą etykiete!
Thư viện lưu trữ: Trung tâm Học liệu Trường Đại học Cần Thơ
LEADER 00533nam a2200181Ia 4500
001 CTU_43544
008 210402s9999 xx 000 0 und d
082 |a 801 
082 |b V305 
100 |a Viện Văn học 
245 0 |a Văn học so sánh 
245 0 |b Lý luận và ứng dụng 
245 0 |c Viện Văn học 
260 |a Hà Nội 
260 |b KHXH 
260 |c 2001 
650 |a literature - history and criticism,literature - philosophy 
980 |a Trung tâm Học liệu Trường Đại học Cần Thơ